000 00779nas a2200229 4500
001 BR8805442
003 BR-BrBNA
005 20231205091306.0
007 ta
008 230509b bl.|||p| |||| 00| 00por d
040 _aBR-BrBNA
_bpor
_cBiblioteca Nacional de Agricultura
041 _a(Pt)
072 _aL70
100 1 _aRodrigues, M.A. La R.
245 1 _aDoseamento da atividade da glicose-6-fosfato desidro-drogenase em celulas in vitro
246 1 _aEvaluation of glucose-6-phosphate dehydrogenase activity in cells in vitro
650 _aCELULA ANIMAL
650 _aENZIMA
773 0 _tArquivos do Instituto Biologico (Brazil)
_xISSN 0020-3653
_g(Jun-Dec 1986), v. 53(1-4) p. 85-86
_wBR8805442
909 _a202311
_bLúcia
_c55
_dLúcia Elande
942 _2AGRIS
_n0
_cANA
999 _c124181
_d124181